=LDR 00000nam 2200000 4500 =001 INLIS000000000035991 =005 20210408084905 =035 ##$$a 0010-061300000035991 =008 210408###########################0###### =041 ##$$a Ind =082 ##$$a 639.3 =090 ##$$a 639.3, Ahm b =100 ##$$a Ahmad,Taufik =245 1#$$a Budi daya bandeng secara intensif /$c Taufik Ahmad =260 ##$$a Jakarta :$b Penebar Swadaya,$c 2005 =300 ##$$a v 96 hlm, Ilus, 21 cm =850 ##$$a NBPNMAT =020 ##$$a 979-489-483-4 =084 ##$$a 639.3 AHM b =990 ##$$a 21400383/BPAP-NTB/2014 =990 ##$$a 21400613/BPAP-NTB/20142014 =990 ##$$a 23852385